000 00392nam a2200181Ia 4500
005 20240823044355.0
008 240823s9999||||xx |||||||||||||| ||und||
041 _aENGLISH
082 _A630 P0
100 _aVivekananda Kendram
245 0 _aTazhir
250 _a1st
260 _c2000
_bVivekananda Ke
500 _aYES
650 _aTazhir
_bGeneral
942 _cBK
999 _c212423
_d212423